000 00870nam a2200265Ia 4500
003 OSt
005 20220918171404.0
006 a|||||r|||| 00| 0
007 ta
008 220917b |||||||| |||| 00| 0 eng d
020 _a9781606230718 (hbk)
_c1880.40
024 _a242,266
037 _b09-08242, 16/12/2009, Atlantic Publisher & Dist.Pvt.Ltd.
_cTextual
040 _aARTS
_cARTS
_beng
041 _2eng
_aeng
082 _aS2:524-86, P9
100 _aHenggeler Scott W.
_936271
245 0 _aMultisystemic therapy for antisocial behavior in children and adolescents
250 _a2nd
260 _aNew York
_bThe Guilford Press USA
_c2009
300 _aix,324p.
_ccm.
650 _aPSYCHOLOGY
942 _hS2:524-86, P9
_cTEXL
_2CC
999 _c139342
_d139342